Statistics for Harry Potter Trivia + Word Scramble

Click here to take the quiz!

General Stats

  • This quiz has been taken 147 times
  • The average score is 26 of 34

Answer Stats

Answer% Correct
Six
98%
Rupert Grint
96%
The Fat Lady
95%
Seeker
94%
Cloak of Invisibility
93%
Nimbus 2000
93%
Gringotts Wizarding Bank
88%
Quaffles
87%
Godric Gryffindor
86%
Killing Curse
82%
Boggart
79%
Cedric Diggory
77%
Patronus Charm
74%
{E}
72%
Expecto Patronum
72%
{G}
72%
{I}
72%
{I}
72%
{I}
72%
{L}
72%
{M}
72%
{N}
72%
{U}
72%
{W}
72%
{A}
71%
{A}
71%
{D}
71%
{O}
71%
{R}
71%
{S}
71%
{V}
71%
Weasleys' Wizard Wheezes
68%
Auror
62%
Ilvermorny School of Witchcraft and Wizardry
33%

Score Distribution

Percentile by Number Answered

Percent of People with Each Score

Your Score History

You have not taken this quiz